| 000 | 00974cam a22003135a 4500 | ||
|---|---|---|---|
| 001 | 18602728 | ||
| 005 | 20160808153422.0 | ||
| 008 | 150504s2016 enka frd 001 0 eng d | ||
| 010 | _a 2015015700 | ||
| 020 | _a1292085053 | ||
| 020 | _a9781292085050 | ||
| 040 |
_aDLC _beng _cDLC _dEG-ScBUE |
||
| 042 | _apcc | ||
| 082 | 0 | 4 |
_222 _a657 _bSAN |
| 100 | 1 |
_aSangster, Alan _940690 |
|
| 245 | 1 | 0 |
_aFrank Wood's business accounting 2 / _cAlan Sangster ; formerly authored by Frank Wood. |
| 246 | 3 | _aFrank Wood's business accounting two | |
| 250 | _a13th ed. | ||
| 260 |
_aHarlow, Essex : _bPearson Education Limited, _c2016. |
||
| 300 |
_axxi, 856p. : _bill. ; _c24 cm. |
||
| 500 | _aGlossary : p. 834-838. | ||
| 500 | _aIndex : p. 839-856. | ||
| 650 | 0 |
_aAccounting. _2BUEsh |
|
| 651 | _2BUEsh | ||
| 653 |
_bBUSADM _cAugust 2016 |
||
| 700 | 1 |
_aWood, Frank, _940691 _d1926-2000 |
|
| 856 |
_uwww.pearsoned.co.uk/wood _yOnline resources |
||
| 942 |
_2ddc _e22 _k657 SAN |
||
| 999 |
_c22135 _d22107 |
||